Los grandes olvidados (Record no. 73275)

MARC details
000 -LEADER
campo de control de longitud fija 00988nam a2200265 i 4500
001 - NÚMERO DE CONTROL
campo de control 73275
003 - IDENTIFICADOR DE NÚMERO DE CONTROL
campo de control ES-MaACL
005 - FECHA Y HORA DE LA ÚLTIMA TRANSACCIÓN
campo de control 20250819074340.0
007 - CAMPO FIJO DE DESCRIPCIÓN FÍSICA--INFORMACIÓN GENERAL
campo de control de longitud fija t|
008 - DATOS DE LONGITUD FIJA--INFORMACIÓN GENERAL
campo de control de longitud fija 040923s2004 sp ||||1| spa d
020 ## - NÚMERO INTERNACIONAL ESTÁNDAR DEL LIBRO
Número Internacional Estándar del Libro 84-609-0167-X
080 ## - NÚMERO DE LA CLASIFICACIÓN DECIMAL UNIVERSAL
Número de la Clasificación Decimal Universal 929-054.7(=1.460:100)"19"
080 ## - NÚMERO DE LA CLASIFICACIÓN DECIMAL UNIVERSAL
Número de la Clasificación Decimal Universal 329.23(460)"18/19"
245 04 - MENCIÓN DEL TÍTULO
Título Los grandes olvidados
Resto del título : los republicanos de izquierda en el exilio /
Mención de responsabilidad, etc. Angeles Egido León, Matilde Eiroa San Francisco (Eds.).
260 ## - PUBLICACIÓN, DISTRIBUCIÓN, ETC.
Lugar de publicación, distribución, etc. Madrid :
Nombre del editor, distribuidor, etc. Centro de Investigación y Estudios Republicanos,
Fecha de publicación, distribución, etc. [2004]
300 ## - DESCRIPCIÓN FÍSICA
Extensión 530 p., [16] p. de lám. ;
Dimensiones 24 cm.
504 ## - NOTA DE BIBLIOGRAFÍA, ETC.
Nota de bibliografía, etc. Bibliografía: p. 467-502.
650 14 - PUNTO DE ACCESO ADICIONAL DE MATERIA--TÉRMINO DE MATERIA
Término de materia o nombre geográfico como elemento de entrada Exiliados españoles.
9 (RLIN) 12656
650 #4 - PUNTO DE ACCESO ADICIONAL DE MATERIA--TÉRMINO DE MATERIA
Término de materia o nombre geográfico como elemento de entrada Republicanismo-
Subdivisión geográfica España.
9 (RLIN) 16856
700 1# - ENTRADA AGREGADA--NOMBRE PERSONAL
Nombre de persona Egido León, María de los Angeles.
9 (RLIN) 46734
700 1# - ENTRADA AGREGADA--NOMBRE PERSONAL
Nombre de persona Eiroa San Francisco, Matilde.
9 (RLIN) 46848
710 2# - ENTRADA AGREGADA--NOMBRE DE ENTIDAD CORPORATIVA
Nombre de entidad corporativa o nombre de jurisdicción como elemento de entrada Centro de Investigación y Estudios Republicanos
9 (RLIN) 2704
852 ## - LOCALIZACIÓN
Ubicación ES-MaACL
Número de control de estantería L-28159
Sublocalización o colección R.133938
Holdings
Estatus retirado Estado de pérdida Estado de daño No para préstamo Biblioteca de origen Biblioteca actual Ubicación en estantería Fecha de adquisición Fuente de adquisición Total de préstamos Signatura topográfica completa Código de barras Visto por última vez Precio de reemplazo Tipo de ítem Koha
        Biblioteca del Ateneo de Madrid Biblioteca del Ateneo de Madrid Depósito 2 17/01/2008     L-28159 1076703 23/02/2023 23/02/2023 Libro impreso